[Event "RUS-ch Blitz 2021"]
[Site "Sochi"]
[Date "2021.10.11"]
[Round "11.3"]
[White "Riazantsev, Alexander"]
[Black "Sarana, Alexey"]
[Result "1/2-1/2"]
[WhiteElo "2634"]
[BlackElo "2649"]
[Annotator "ChessBase"]
[PlyCount "95"]
[EventDate "2021.10.11"]
[EventType "blitz"]
[EventCountry "RUS"]
[SourceTitle "playchess.com"]
[Source "ChessBase"]
[SourceQuality "1"]
[TimeControl "180+2"]

1. d4 {[%emt 0:00:00]} Nf6 {[%emt 0:00:00]} 2. c4 {[%emt 0:00:00]} g6 {[%emt 0:
00:00]} 3. Nc3 {[%emt 0:00:05]} d5 {[%emt 0:00:03]} 4. Nf3 {[%emt 0:00:00]} Bg7
{[%emt 0:00:00]} 5. Bg5 {[%emt 0:00:00]} Ne4 {[%emt 0:00:04]} 6. cxd5 {[%emt 0:
00:01]} Nxg5 {[%emt 0:00:00]} 7. Nxg5 {[%emt 0:00:00]} e6 {[%emt 0:00:03]} 8.
Qd2 {[%emt 0:00:03]} h6 {[%emt 0:00:00]} 9. Nf3 {[%emt 0:00:00]} exd5 {[%emt 0:
00:02]} 10. e3 {[%emt 0:00:00]} c6 {[%emt 0:00:04]} 11. Bd3 {[%emt 0:00:05]}
Qd6 {[%emt 0:00:02]} 12. h3 {[%emt 0:00:04]} O-O {[%emt 0:00:00]} 13. O-O {
[%emt 0:00:02]} Nd7 {[%emt 0:00:04]} 14. Rac1 {[%emt 0:00:07]} Re8 {[%emt 0:00:
07]} 15. Ne2 {[%emt 0:00:00]} a5 {[%emt 0:00:03]} 16. Nf4 {[%emt 0:00:03]} Nf6
{[%emt 0:00:11]} 17. Bb1 {[%emt 0:00:35]} g5 {[%emt 0:00:18]} 18. Nd3 {[%emt 0:
00:04]} g4 {[%emt 0:00:00]} 19. hxg4 {[%emt 0:00:12]} Nxg4 {[%emt 0:00:01]} 20.
Nf4 {[%emt 0:00:08]} Bd7 {[%emt 0:00:28]} 21. Qc2 {[%emt 0:00:20]} f5 {[%emt 0:
00:08]} 22. g3 {[%emt 0:00:01]} Re7 {[%emt 0:00:14]} 23. Qd2 {[%emt 0:00:16]}
Nf6 {[%emt 0:00:16]} 24. Kg2 {[%emt 0:00:09]} Ne4 {[%emt 0:00:01]} 25. Qd1 {
[%emt 0:00:00]} Rf8 {[%emt 0:00:18]} 26. Nd3 {[%emt 0:00:00]} Be8 {[%emt 0:00:
07]} 27. Nfe5 {[%emt 0:00:01]} Nf6 {[%emt 0:00:02]} 28. Rh1 {[%emt 0:00:29]}
Ne4 {[%emt 0:00:15]} 29. Qe2 {[%emt 0:00:03]} b6 {[%emt 0:00:05]} 30. Nf3 {
[%emt 0:00:31]} c5 {[%emt 0:00:00]} 31. dxc5 {[%emt 0:00:00]} bxc5 {[%emt 0:00:
04]} 32. Nf4 {[%emt 0:00:00]} d4 {[%emt 0:00:03]} 33. Rhd1 {[%emt 0:00:15]} Bc6
{[%emt 0:00:10]} 34. exd4 {[%emt 0:00:12]} Kh8 {[%emt 0:00:43]} 35. d5 {
[%emt 0:00:04]} Bd7 {[%emt 0:00:01]} 36. Qc2 {[%emt 0:00:07]} a4 {[%emt 0:00:
08]} 37. Rh1 {[%emt 0:00:00]} Kg8 {[%emt 0:00:00]} 38. Rce1 {[%emt 0:00:06]}
Rb8 {[%emt 0:00:00]} 39. b3 {[%emt 0:00:03]} axb3 {[%emt 0:00:00]} 40. axb3 {
[%emt 0:00:00]} Rbe8 {[%emt 0:00:04]} 41. Ne6 {[%emt 0:00:10]} Bxe6 {[%emt 0:
00:00]} 42. dxe6 {[%emt 0:00:00]} Qxe6 {[%emt 0:00:05]} 43. Qc4 {[%emt 0:00:06]
} Qxc4 {[%emt 0:00:00]} 44. bxc4 {[%emt 0:00:01]} Nd6 {[%emt 0:00:00]} 45. Bd3
{[%emt 0:00:02]} Rxe1 {[%emt 0:00:08]} 46. Rxe1 {[%emt 0:00:00]} Rxe1 {[%emt 0:
00:00]} 47. Nxe1 {[%emt 0:00:02]} Kf7 {[%emt 0:00:02]} 48. f4 {[%emt 0:00:05]}
1/2-1/2

[Event "RUS-ch Blitz 2021"]
[Site "Sochi"]
[Date "2021.10.11"]
[Round "11.4"]
[White "Sakaev, Konstantin"]
[Black "Alekseev, Evgeny"]
[Result "1/2-1/2"]
[WhiteElo "2603"]
[BlackElo "2602"]
[Annotator "ChessBase"]
[PlyCount "23"]
[EventDate "2021.10.11"]
[EventType "blitz"]
[EventCountry "RUS"]
[SourceTitle "playchess.com"]
[Source "ChessBase"]
[SourceQuality "1"]
[TimeControl "180+2"]

1. d4 {[%emt 0:00:00]} Nf6 {[%emt 0:00:00]} 2. c4 {[%emt 0:00:00]} e6 {[%emt 0:
00:00]} 3. Nf3 {[%emt 0:00:00]} b6 {[%emt 0:00:00]} 4. g3 {[%emt 0:00:08]} Bb7
{[%emt 0:00:03]} 5. Bg2 {[%emt 0:00:00]} Be7 {[%emt 0:00:00]} 6. O-O {[%emt 0:
00:03]} O-O {[%emt 0:00:04]} 7. Nc3 {[%emt 0:00:00]} Ne4 {[%emt 0:00:09]} 8.
Nxe4 {[%emt 0:00:00]} Bxe4 {[%emt 0:00:00]} 9. Ne1 {[%emt 0:00:00]} Bxg2 {
[%emt 0:00:00]} 10. Nxg2 {[%emt 0:00:00]} d5 {[%emt 0:00:02]} 11. Qa4 {[%emt 0:
00:02]} dxc4 {[%emt 0:00:02]} 12. Qxc4 {[%emt 0:00:01]} 1/2-1/2

[Event "RUS-ch Blitz 2021"]
[Site "Sochi"]
[Date "2021.10.11"]
[Round "11.5"]
[White "Iljiushenok, Ilia"]
[Black "Kezin, Roman"]
[Result "1-0"]
[WhiteElo "2554"]
[BlackElo "2492"]
[Annotator "ChessBase"]
[PlyCount "51"]
[EventDate "2021.10.11"]
[EventType "blitz"]
[EventCountry "RUS"]
[SourceTitle "playchess.com"]
[Source "ChessBase"]
[SourceQuality "1"]
[TimeControl "180+2"]

1. e4 {[%emt 0:00:00]} c5 {[%emt 0:00:00]} 2. Nf3 {[%emt 0:00:10]} e6 {[%emt 0:
00:02]} 3. d4 {[%emt 0:00:00]} cxd4 {[%emt 0:00:00]} 4. Nxd4 {[%emt 0:00:00]}
Nc6 {[%emt 0:00:00]} 5. Nc3 {[%emt 0:00:00]} Qc7 {[%emt 0:00:00]} 6. a3 {
[%emt 0:00:08]} a6 {[%emt 0:00:01]} 7. Be3 {[%emt 0:00:00]} b5 {[%emt 0:00:00]}
8. Nxc6 {[%emt 0:00:00]} Qxc6 {[%emt 0:00:00]} 9. Bd3 {[%emt 0:00:25]} Bb7 {
[%emt 0:00:05]} 10. Qe2 {[%emt 0:00:03]} Rc8 {[%emt 0:00:25]} 11. O-O {[%emt 0:
00:08]} Nf6 {[%emt 0:00:00]} 12. f4 {[%emt 0:00:07]} Bc5 {[%emt 0:01:34]} 13.
Rae1 {[%emt 0:00:11]} O-O {[%emt 0:00:17]} 14. Kh1 {[%emt 0:00:00]} d5 {
[%emt 0:00:18]} 15. Bxc5 {[%emt 0:00:51]} Qxc5 {[%emt 0:00:00]} 16. e5 {
[%emt 0:00:18]} Ne4 {[%emt 0:00:01]} 17. f5 {[%emt 0:00:42]} exf5 {[%emt 0:00:
32]} 18. Rxf5 {[%emt 0:00:00]} Nxc3 {[%emt 0:00:02]} 19. bxc3 {[%emt 0:00:00]}
Qxc3 {[%emt 0:00:07]} 20. e6 {[%emt 0:00:08]} Bc6 {[%emt 0:00:16]} 21. exf7+ {
[%emt 0:00:20]} Kh8 {[%emt 0:00:00]} 22. Rh5 {[%emt 0:00:00]} h6 {[%emt 0:00:
00]} 23. Qe6 {[%emt 0:00:00]} Qf6 {[%emt 0:00:00]} 24. Qxf6 {[%emt 0:00:04]}
gxf6 {[%emt 0:00:05]} 25. Rxh6+ {[%emt 0:00:00]} Kg7 {[%emt 0:00:00]} 26. Rh7#
{[%emt 0:00:00]} 1-0

[Event "RUS-ch Blitz 2021"]
[Site "Sochi"]
[Date "2021.10.11"]
[Round "11.6"]
[White "Savchenko, Boris"]
[Black "Pridorozhni, Aleksei"]
[Result "0-1"]
[WhiteElo "2535"]
[BlackElo "2564"]
[Annotator "ChessBase"]
[PlyCount "140"]
[EventDate "2021.10.11"]
[EventType "blitz"]
[EventCountry "RUS"]
[SourceTitle "playchess.com"]
[Source "ChessBase"]
[SourceQuality "1"]
[TimeControl "180+2"]

1. e4 {[%emt 0:00:00]} c5 {[%emt 0:00:00]} 2. Nf3 {[%emt 0:00:05]} e6 {[%emt 0:
00:01]} 3. c3 {[%emt 0:00:04]} Nc6 {[%emt 0:00:05]} 4. d4 {[%emt 0:00:03]} d5 {
[%emt 0:00:00]} 5. e5 {[%emt 0:00:05]} Bd7 {[%emt 0:00:00]} 6. a3 {[%emt 0:00:
04]} c4 {[%emt 0:00:00]} 7. h4 {[%emt 0:00:00]} h6 {[%emt 0:00:05]} 8. Be3 {
[%emt 0:00:03]} b5 {[%emt 0:00:02]} 9. h5 {[%emt 0:00:03]} a5 {[%emt 0:00:05]}
10. b3 {[%emt 0:00:29]} cxb3 {[%emt 0:00:42]} 11. Qxb3 {[%emt 0:00:02]} a4 {
[%emt 0:00:07]} 12. Qxb5 {[%emt 0:00:28]} Na5 {[%emt 0:00:14]} 13. Qb2 {
[%emt 0:00:12]} Rb8 {[%emt 0:00:17]} 14. Qc2 {[%emt 0:00:04]} Nb3 {[%emt 0:00:
00]} 15. Ra2 {[%emt 0:00:00]} Ne7 {[%emt 0:00:02]} 16. Bd3 {[%emt 0:00:15]} Nc6
{[%emt 0:00:09]} 17. Nbd2 {[%emt 0:00:19]} Nca5 {[%emt 0:00:00]} 18. O-O {
[%emt 0:00:03]} Rc8 {[%emt 0:00:15]} 19. g4 {[%emt 0:00:24]} Be7 {[%emt 0:00:
06]} 20. Kg2 {[%emt 0:00:03]} Qb6 {[%emt 0:00:03]} 21. Rg1 {[%emt 0:00:06]} Bb5
{[%emt 0:00:04]} 22. Kh3 {[%emt 0:00:15]} Qa6 {[%emt 0:00:08]} 23. Bxb5+ {
[%emt 0:00:06]} Qxb5 {[%emt 0:00:00]} 24. Nb1 {[%emt 0:00:07]} Nc4 {[%emt 0:00:
06]} 25. Bc1 {[%emt 0:00:03]} Kd7 {[%emt 0:00:09]} 26. Nbd2 {[%emt 0:00:08]}
Rc7 {[%emt 0:00:06]} 27. Kg3 {[%emt 0:00:04]} Rhc8 {[%emt 0:00:05]} 28. Qh7 {
[%emt 0:00:05]} Nxc1 {[%emt 0:00:23]} 29. Rxc1 {[%emt 0:00:00]} Nxd2 {[%emt 0:
00:00]} 30. Rxd2 {[%emt 0:00:09]} Bxa3 {[%emt 0:00:00]} 31. Re1 {[%emt 0:00:06]
} Bf8 {[%emt 0:00:09]} 32. Rb1 {[%emt 0:00:00]} Qc6 {[%emt 0:00:06]} 33. Ra1 {
[%emt 0:00:00]} Ra8 {[%emt 0:00:06]} 34. Qg8 {[%emt 0:00:02]} Ke8 {[%emt 0:00:
03]} 35. g5 {[%emt 0:00:06]} Qd7 {[%emt 0:00:06]} 36. g6 {[%emt 0:00:00]} Rxc3
{[%emt 0:00:03]} 37. Re2 {[%emt 0:00:03]} a3 {[%emt 0:00:04]} 38. Raa2 {
[%emt 0:00:00]} Ra7 {[%emt 0:00:07]} 39. Kg4 {[%emt 0:00:01]} Qe7 {[%emt 0:00:
02]} 40. Re3 {[%emt 0:00:02]} Rxe3 {[%emt 0:00:01]} 41. fxe3 {[%emt 0:00:02]}
Rb7 {[%emt 0:00:05]} 42. Rc2 {[%emt 0:00:05]} Kd8 {[%emt 0:00:04]} 43. Rc6 {
[%emt 0:00:00]} Ra7 {[%emt 0:00:02]} 44. Rd6+ {[%emt 0:00:04]} Kc8 {[%emt 0:00:
03]} 45. Rc6+ {[%emt 0:00:03]} Kb7 {[%emt 0:00:00]} 46. Rc1 {[%emt 0:00:02]}
fxg6 {[%emt 0:00:02]} 47. hxg6 {[%emt 0:00:04]} a2 {[%emt 0:00:04]} 48. Ra1 {
[%emt 0:00:00]} Kb6 {[%emt 0:00:02]} 49. Nh4 {[%emt 0:00:03]} Kb5 {[%emt 0:00:
07]} 50. Kh3 {[%emt 0:00:03]} Kb4 {[%emt 0:00:03]} 51. Ng2 {[%emt 0:00:05]} Kb3
{[%emt 0:00:00]} 52. Nf4 {[%emt 0:00:00]} Ra6 {[%emt 0:00:03]} 53. Kg3 {
[%emt 0:00:02]} Kb2 {[%emt 0:00:00]} 54. Rh1 {[%emt 0:00:02]} a1=Q {[%emt 0:00:
03]} 55. Nd3+ {[%emt 0:00:04]} Ka2 {[%emt 0:00:01]} 56. Rxa1+ {[%emt 0:00:01]}
Kxa1 {[%emt 0:00:00]} 57. Nc5 {[%emt 0:00:02]} Rb6 {[%emt 0:00:02]} 58. Kf3 {
[%emt 0:00:01]} Kb1 {[%emt 0:00:03]} 59. Ke2 {[%emt 0:00:00]} Rb2+ {[%emt 0:00:
02]} 60. Kd3 {[%emt 0:00:00]} Rb6 {[%emt 0:00:02]} 61. e4 {[%emt 0:00:04]}
dxe4+ {[%emt 0:00:02]} 62. Kxe4 {[%emt 0:00:02]} Qe8 {[%emt 0:00:02]} 63. Ke3 {
[%emt 0:00:03]} Rb8 {[%emt 0:00:02]} 64. Nxe6 {[%emt 0:00:05]} Qxg6 {[%emt 0:
00:04]} 65. Nxf8 {[%emt 0:00:02]} Qg5+ {[%emt 0:00:00]} 66. Ke4 {[%emt 0:00:01]
} Qg2+ {[%emt 0:00:03]} 67. Kd3 {[%emt 0:00:01]} Qc2+ {[%emt 0:00:04]} 68. Ke3
{[%emt 0:00:02]} Rb3+ {[%emt 0:00:01]} 69. Kf4 {[%emt 0:00:01]} Qf2+ {[%emt 0:
00:02]} 70. Kg4 {[%emt 0:00:01]} Rg3+ {[%emt 0:00:01]} 0-1

[Event "RUS-ch Blitz 2021"]
[Site "Sochi"]
[Date "2021.10.11"]
[Round "11.7"]
[White "Moiseenko, Vadim"]
[Black "Antipov, Mikhail Al."]
[Result "0-1"]
[WhiteElo "2542"]
[BlackElo "2619"]
[Annotator "ChessBase"]
[PlyCount "64"]
[EventDate "2021.10.11"]
[EventType "blitz"]
[EventCountry "RUS"]
[SourceTitle "playchess.com"]
[Source "ChessBase"]
[SourceQuality "1"]
[TimeControl "180+2"]

1. e4 {[%emt 0:00:00]} e5 {[%emt 0:00:26]} 2. Nf3 {[%emt 0:00:01]} Nc6 {
[%emt 0:00:00]} 3. d4 {[%emt 0:00:05]} exd4 {[%emt 0:00:00]} 4. Nxd4 {[%emt 0:
00:00]} Bc5 {[%emt 0:00:00]} 5. Nb3 {[%emt 0:00:00]} Bb4+ {[%emt 0:00:05]} 6.
Nc3 {[%emt 0:00:08]} Nf6 {[%emt 0:00:07]} 7. Bd3 {[%emt 0:00:00]} d5 {[%emt 0:
01:10]} 8. exd5 {[%emt 0:00:05]} Qxd5 {[%emt 0:00:06]} 9. O-O {[%emt 0:00:08]}
Bxc3 {[%emt 0:00:00]} 10. bxc3 {[%emt 0:00:03]} O-O {[%emt 0:00:00]} 11. Ba3 {
[%emt 0:00:23]} Re8 {[%emt 0:00:06]} 12. c4 {[%emt 0:00:19]} Qg5 {[%emt 0:00:
13]} 13. Bc1 {[%emt 0:00:09]} Qh4 {[%emt 0:00:04]} 14. Qf3 {[%emt 0:00:34]} Ne5
{[%emt 0:00:16]} 15. Qg3 {[%emt 0:00:00]} Qxg3 {[%emt 0:00:07]} 16. hxg3 {
[%emt 0:00:01]} Nxd3 {[%emt 0:00:04]} 17. cxd3 {[%emt 0:00:01]} Bf5 {[%emt 0:
00:02]} 18. d4 {[%emt 0:00:01]} Bd3 {[%emt 0:00:00]} 19. Be3 {[%emt 0:00:48]}
Bxc4 {[%emt 0:00:16]} 20. Rfc1 {[%emt 0:00:00]} Bxb3 {[%emt 0:00:03]} 21. axb3
{[%emt 0:00:03]} c6 {[%emt 0:00:00]} 22. d5 {[%emt 0:00:09]} Nxd5 {[%emt 0:00:
00]} 23. Bxa7 {[%emt 0:00:00]} h5 {[%emt 0:00:21]} 24. f3 {[%emt 0:00:12]} b6 {
[%emt 0:00:19]} 25. Ra6 {[%emt 0:00:00]} Re7 {[%emt 0:00:05]} 26. Rca1 {
[%emt 0:00:00]} Rb7 {[%emt 0:00:00]} 27. R1a4 {[%emt 0:00:13]} c5 {[%emt 0:00:
03]} 28. Ra1 {[%emt 0:00:08]} Nb4 {[%emt 0:00:01]} 29. R6a4 {[%emt 0:00:02]}
Nc6 {[%emt 0:00:03]} 30. Bxb6 {[%emt 0:00:11]} Rxa4 {[%emt 0:00:01]} 31. Rxa4 {
[%emt 0:00:01]} Rxb6 {[%emt 0:00:00]} 32. Rc4 {[%emt 0:00:04]} Rb5 {[%emt 0:00:
00]} 0-1

[Event "RUS-ch Blitz 2021"]
[Site "Sochi"]
[Date "2021.10.11"]
[Round "11.9"]
[White "Lysyj, Igor"]
[Black "Nesterov, Arseniy"]
[Result "1-0"]
[WhiteElo "2603"]
[BlackElo "2514"]
[Annotator "ChessBase"]
[PlyCount "115"]
[EventDate "2021.10.11"]
[EventType "blitz"]
[EventCountry "RUS"]
[SourceTitle "playchess.com"]
[Source "ChessBase"]
[SourceQuality "1"]
[TimeControl "180+2"]

1. d4 {[%emt 0:00:00]} d5 {[%emt 0:00:00]} 2. c4 {[%emt 0:00:00]} e6 {[%emt 0:
00:05]} 3. Nf3 {[%emt 0:00:02]} Nf6 {[%emt 0:00:00]} 4. g3 {[%emt 0:00:00]} a6
{[%emt 0:00:02]} 5. Bg2 {[%emt 0:00:04]} dxc4 {[%emt 0:00:00]} 6. O-O {[%emt 0:
00:05]} Nc6 {[%emt 0:00:00]} 7. Qd2 {[%emt 0:00:00]} Bd6 {[%emt 0:00:05]} 8.
Qc3 {[%emt 0:00:00]} O-O {[%emt 0:00:00]} 9. Qxc4 {[%emt 0:00:06]} e5 {[%emt 0:
00:00]} 10. dxe5 {[%emt 0:00:00]} Nxe5 {[%emt 0:00:03]} 11. Nxe5 {[%emt 0:00:
00]} Bxe5 {[%emt 0:00:00]} 12. Qc2 {[%emt 0:00:00]} c6 {[%emt 0:00:00]} 13. Nd2
{[%emt 0:00:22]} Be6 {[%emt 0:00:00]} 14. Nc4 {[%emt 0:00:00]} Bxc4 {[%emt 0:
00:00]} 15. Qxc4 {[%emt 0:00:00]} Qe7 {[%emt 0:00:00]} 16. Rb1 {[%emt 0:00:00]}
Rad8 {[%emt 0:00:00]} 17. a3 {[%emt 0:00:05]} Rfe8 {[%emt 0:00:34]} 18. Bf3 {
[%emt 0:00:06]} h6 {[%emt 0:00:08]} 19. Qc2 {[%emt 0:00:01]} Nd7 {[%emt 0:00:
24]} 20. Be3 {[%emt 0:00:07]} Bf6 {[%emt 0:00:09]} 21. Rfd1 {[%emt 0:00:54]}
Ne5 {[%emt 0:00:02]} 22. Bg2 {[%emt 0:00:00]} Rxd1+ {[%emt 0:00:23]} 23. Rxd1 {
[%emt 0:00:05]} Ng4 {[%emt 0:00:21]} 24. Bc1 {[%emt 0:00:00]} Bg5 {[%emt 0:00:
46]} 25. e3 {[%emt 0:00:05]} Bf6 {[%emt 0:00:17]} 26. h3 {[%emt 0:00:05]} Ne5 {
[%emt 0:00:00]} 27. f4 {[%emt 0:00:00]} Nd7 {[%emt 0:00:00]} 28. e4 {[%emt 0:
00:10]} Qc5+ {[%emt 0:00:03]} 29. Qxc5 {[%emt 0:00:01]} Nxc5 {[%emt 0:00:00]}
30. e5 {[%emt 0:00:07]} Be7 {[%emt 0:00:00]} 31. b4 {[%emt 0:00:14]} Ne6 {
[%emt 0:00:16]} 32. Rd7 {[%emt 0:00:05]} Rd8 {[%emt 0:00:23]} 33. Rxe7 {
[%emt 0:00:11]} Rd1+ {[%emt 0:00:00]} 34. Kh2 {[%emt 0:00:08]} Rxc1 {[%emt 0:
00:00]} 35. Rxb7 {[%emt 0:00:04]} Rc2 {[%emt 0:00:07]} 36. Kg1 {[%emt 0:00:00]}
g6 {[%emt 0:00:02]} 37. Rb6 {[%emt 0:00:11]} c5 {[%emt 0:00:00]} 38. Rxa6 {
[%emt 0:00:02]} cxb4 {[%emt 0:00:04]} 39. axb4 {[%emt 0:00:00]} Rc1+ {[%emt 0:
00:00]} 40. Kh2 {[%emt 0:00:05]} Rc2 {[%emt 0:00:03]} 41. Ra8+ {[%emt 0:00:07]}
Kg7 {[%emt 0:00:00]} 42. h4 {[%emt 0:00:11]} Rb2 {[%emt 0:00:00]} 43. Rb8 {
[%emt 0:00:00]} h5 {[%emt 0:00:03]} 44. b5 {[%emt 0:00:07]} Nd4 {[%emt 0:00:01]
} 45. Kh3 {[%emt 0:00:06]} Rxb5 {[%emt 0:00:08]} 46. Rxb5 {[%emt 0:00:05]} Nxb5
{[%emt 0:00:01]} 47. Bd5 {[%emt 0:00:02]} f6 {[%emt 0:00:04]} 48. e6 {[%emt 0:
00:00]} Kf8 {[%emt 0:00:02]} 49. g4 {[%emt 0:00:06]} hxg4+ {[%emt 0:00:01]} 50.
Kxg4 {[%emt 0:00:03]} Ke7 {[%emt 0:00:00]} 51. f5 {[%emt 0:00:01]} gxf5+ {
[%emt 0:00:02]} 52. Kxf5 {[%emt 0:00:00]} Nd4+ {[%emt 0:00:01]} 53. Kg6 {
[%emt 0:00:04]} f5 {[%emt 0:00:04]} 54. h5 {[%emt 0:00:02]} f4 {[%emt 0:00:02]}
55. h6 {[%emt 0:00:01]} f3 {[%emt 0:00:00]} 56. h7 {[%emt 0:00:14]} f2 {
[%emt 0:00:02]} 57. Bc4 {[%emt 0:00:06]} Nf3 {[%emt 0:00:02]} 58. h8=Q {
[%emt 0:00:02]} 1-0

[Event "RUS-ch Blitz 2021"]
[Site "Sochi"]
[Date "2021.10.11"]
[Round "11.10"]
[White "Bologan, Victor"]
[Black "Afanasiev, Nikita"]
[Result "0-1"]
[WhiteElo "2574"]
[BlackElo "2560"]
[Annotator "ChessBase"]
[PlyCount "54"]
[EventDate "2021.10.11"]
[EventType "blitz"]
[EventCountry "RUS"]
[SourceTitle "playchess.com"]
[Source "ChessBase"]
[SourceQuality "1"]
[TimeControl "180+2"]

1. e4 {[%emt 0:00:00]} d6 {[%emt 0:00:00]} 2. d4 {[%emt 0:00:05]} Nf6 {[%emt 0:
00:02]} 3. Bd3 {[%emt 0:00:00]} e5 {[%emt 0:00:06]} 4. c3 {[%emt 0:00:00]} g6 {
[%emt 0:00:05]} 5. Nf3 {[%emt 0:00:00]} Nbd7 {[%emt 0:00:02]} 6. O-O {[%emt 0:
00:01]} Bg7 {[%emt 0:00:00]} 7. Be3 {[%emt 0:00:09]} O-O {[%emt 0:00:03]} 8.
Nbd2 {[%emt 0:00:00]} Re8 {[%emt 0:00:00]} 9. Re1 {[%emt 0:00:05]} h6 {[%emt 0:
00:06]} 10. h3 {[%emt 0:00:02]} Kh7 {[%emt 0:00:01]} 11. Qc2 {[%emt 0:00:06]}
b6 {[%emt 0:00:10]} 12. a4 {[%emt 0:00:00]} a6 {[%emt 0:00:01]} 13. b4 {
[%emt 0:00:36]} Bb7 {[%emt 0:00:02]} 14. a5 {[%emt 0:00:28]} exd4 {[%emt 0:00:
27]} 15. cxd4 {[%emt 0:00:04]} b5 {[%emt 0:00:00]} 16. Rac1 {[%emt 0:00:21]}
Rc8 {[%emt 0:00:00]} 17. Bf4 {[%emt 0:00:16]} c5 {[%emt 0:00:13]} 18. Bxd6 {
[%emt 0:00:09]} c4 {[%emt 0:00:09]} 19. Bf1 {[%emt 0:00:04]} c3 {[%emt 0:00:03]
} 20. Nb3 {[%emt 0:00:17]} Bxe4 {[%emt 0:00:00]} 21. Qd1 {[%emt 0:00:04]} c2 {
[%emt 0:00:05]} 22. Qd2 {[%emt 0:00:06]} Bxf3 {[%emt 0:00:15]} 23. gxf3 {
[%emt 0:00:00]} Rxe1 {[%emt 0:00:02]} 24. Qxe1 {[%emt 0:00:09]} Nd5 {[%emt 0:
00:00]} 25. Nc5 {[%emt 0:00:12]} Nxc5 {[%emt 0:00:26]} 26. Bxc5 {[%emt 0:00:15]
} Qg5+ {[%emt 0:00:05]} 27. Kh1 {[%emt 0:00:00]} Re8 {[%emt 0:00:00]} 0-1

[Event "RUS-ch Blitz 2021"]
[Site "Sochi"]
[Date "2021.10.11"]
[Round "11.11"]
[White "Vastrukhin, Oleg"]
[Black "Rozum, Ivan"]
[Result "1/2-1/2"]
[WhiteElo "2382"]
[BlackElo "2529"]
[Annotator "ChessBase"]
[PlyCount "158"]
[EventDate "2021.10.11"]
[EventType "blitz"]
[EventCountry "RUS"]
[SourceTitle "playchess.com"]
[Source "ChessBase"]
[SourceQuality "1"]
[TimeControl "180+2"]

1. Nf3 {[%emt 0:00:04]} d5 {[%emt 0:00:00]} 2. g3 {[%emt 0:00:01]} Nd7 {
[%emt 0:00:05]} 3. d4 {[%emt 0:00:02]} Nb6 {[%emt 0:00:00]} 4. b3 {[%emt 0:00:
00]} Nf6 {[%emt 0:00:08]} 5. Bg2 {[%emt 0:00:00]} Bf5 {[%emt 0:00:04]} 6. Ba3 {
[%emt 0:00:00]} Nbd7 {[%emt 0:00:22]} 7. O-O {[%emt 0:00:07]} e6 {[%emt 0:00:
00]} 8. Bxf8 {[%emt 0:00:11]} Nxf8 {[%emt 0:00:00]} 9. Nbd2 {[%emt 0:00:00]}
N8d7 {[%emt 0:00:06]} 10. Nh4 {[%emt 0:00:03]} Bg6 {[%emt 0:00:08]} 11. Nxg6 {
[%emt 0:00:28]} hxg6 {[%emt 0:00:00]} 12. e4 {[%emt 0:00:05]} dxe4 {[%emt 0:00:
05]} 13. Nxe4 {[%emt 0:00:00]} Nxe4 {[%emt 0:00:05]} 14. Bxe4 {[%emt 0:00:02]}
c6 {[%emt 0:00:02]} 15. Qe2 {[%emt 0:00:36]} Nf6 {[%emt 0:00:07]} 16. Rfd1 {
[%emt 0:00:11]} Nxe4 {[%emt 0:00:04]} 17. Qxe4 {[%emt 0:00:00]} Qd5 {[%emt 0:
00:00]} 18. Qxd5 {[%emt 0:00:07]} cxd5 {[%emt 0:00:00]} 19. c4 {[%emt 0:00:03]}
dxc4 {[%emt 0:00:07]} 20. bxc4 {[%emt 0:00:00]} O-O-O {[%emt 0:00:03]} 21. Rd3
{[%emt 0:00:18]} Rh5 {[%emt 0:00:16]} 22. h4 {[%emt 0:00:04]} Ra5 {[%emt 0:00:
08]} 23. a3 {[%emt 0:00:00]} Rd7 {[%emt 0:00:14]} 24. Rb1 {[%emt 0:00:06]} b6 {
[%emt 0:00:34]} 25. Kg2 {[%emt 0:00:05]} Kd8 {[%emt 0:00:00]} 26. Kf3 {[%emt 0:
00:02]} Ke7 {[%emt 0:00:04]} 27. Ke3 {[%emt 0:00:03]} g5 {[%emt 0:00:00]} 28.
hxg5 {[%emt 0:00:00]} Rxg5 {[%emt 0:00:05]} 29. Rh1 {[%emt 0:00:12]} Ra5 {
[%emt 0:00:05]} 30. Rh7 {[%emt 0:00:11]} g6 {[%emt 0:00:00]} 31. Rh8 {[%emt 0:
00:06]} Rc7 {[%emt 0:00:16]} 32. Rc3 {[%emt 0:00:00]} e5 {[%emt 0:00:12]} 33.
dxe5 {[%emt 0:00:41]} Rxe5+ {[%emt 0:00:04]} 34. Kd4 {[%emt 0:00:01]} Rec5 {
[%emt 0:00:05]} 35. Rb8 {[%emt 0:00:08]} Kf6 {[%emt 0:00:01]} 36. Rd8 {[%emt 0:
00:07]} Ke7 {[%emt 0:00:14]} 37. Rb8 {[%emt 0:00:06]} Rd7+ {[%emt 0:00:00]} 38.
Ke4 {[%emt 0:00:00]} Kf6 {[%emt 0:00:01]} 39. f4 {[%emt 0:00:06]} Rdc7 {
[%emt 0:00:06]} 40. Kd4 {[%emt 0:00:00]} Kf5 {[%emt 0:00:03]} 41. Rd8 {[%emt 0:
00:00]} Kg4 {[%emt 0:00:02]} 42. Rd5 {[%emt 0:00:00]} f5 {[%emt 0:00:00]} 43.
Rxc5 {[%emt 0:00:06]} Rxc5 {[%emt 0:00:01]} 44. Re3 {[%emt 0:00:00]} Rc7 {
[%emt 0:00:11]} 45. Kd5 {[%emt 0:00:04]} Rc5+ {[%emt 0:00:00]} 46. Kd4 {
[%emt 0:00:00]} Rc7 {[%emt 0:00:05]} 47. Kd5 {[%emt 0:00:00]} g5 {[%emt 0:00:
02]} 48. fxg5 {[%emt 0:00:02]} Kxg5 {[%emt 0:00:01]} 49. Rf3 {[%emt 0:00:00]}
Rc5+ {[%emt 0:00:02]} 50. Kd4 {[%emt 0:00:01]} Kg4 {[%emt 0:00:00]} 51. Rc3 {
[%emt 0:00:05]} Ra5 {[%emt 0:00:06]} 52. Rb3 {[%emt 0:00:04]} Rc5 {[%emt 0:00:
01]} 53. Rc3 {[%emt 0:00:00]} Rc7 {[%emt 0:00:02]} 54. Kd5 {[%emt 0:00:03]} Rc8
{[%emt 0:00:05]} 55. Kd4 {[%emt 0:00:05]} Rd8+ {[%emt 0:00:02]} 56. Ke5 {
[%emt 0:00:00]} Re8+ {[%emt 0:00:06]} 57. Kd6 {[%emt 0:00:03]} Rc8 {[%emt 0:00:
02]} 58. Kd5 {[%emt 0:00:02]} Rc5+ {[%emt 0:00:05]} 59. Kd4 {[%emt 0:00:00]}
Kh3 {[%emt 0:00:02]} 60. Rf3 {[%emt 0:00:03]} Kg2 {[%emt 0:00:01]} 61. Rb3 {
[%emt 0:00:00]} Kf2 {[%emt 0:00:03]} 62. Rc3 {[%emt 0:00:00]} Ke2 {[%emt 0:00:
00]} 63. Rb3 {[%emt 0:00:03]} Kf2 {[%emt 0:00:03]} 64. Rc3 {[%emt 0:00:01]} Rc7
{[%emt 0:00:03]} 65. Ke5 {[%emt 0:00:01]} Rc5+ {[%emt 0:00:03]} 66. Kd4 {
[%emt 0:00:02]} Kg2 {[%emt 0:00:03]} 67. Re3 {[%emt 0:00:01]} Kh3 {[%emt 0:00:
03]} 68. Rf3 {[%emt 0:00:02]} Kg4 {[%emt 0:00:01]} 69. Rb3 {[%emt 0:00:00]} Kg5
{[%emt 0:00:04]} 70. Rf3 {[%emt 0:00:02]} Ra5 {[%emt 0:00:02]} 71. Rb3 {
[%emt 0:00:03]} Ra4 {[%emt 0:00:04]} 72. Kd5 {[%emt 0:00:01]} Ra5+ {[%emt 0:00:
01]} 73. Kc6 {[%emt 0:00:08]} Kg4 {[%emt 0:00:01]} 74. Kb7 {[%emt 0:00:02]} Ra4
{[%emt 0:00:01]} 75. Rc3 {[%emt 0:00:03]} Kh3 {[%emt 0:00:02]} 76. Rf3 {
[%emt 0:00:04]} Rxc4 {[%emt 0:00:06]} 77. Kxa7 {[%emt 0:00:04]} b5 {[%emt 0:00:
03]} 78. Rxf5 {[%emt 0:00:03]} Ra4+ {[%emt 0:00:00]} 79. Kb6 {[%emt 0:00:01]}
Rxa3 {[%emt 0:00:01]} 1/2-1/2